|
|
|
|
| LEADER |
01368nam a2200313 a 4500 |
| 001 |
4223762 |
| 008 |
090604s1983 enka b 001 0 eng d |
| 010 |
|
|
|a 82012453
|
| 020 |
|
|
|a 0192614037 (pbk.) :
|c $9.95
|
| 040 |
|
|
|a DLC
|c DLC
|d DLC
|
| 082 |
0 |
0 |
|a 649/.3
|2 19
|
| 100 |
1 |
|
|a Cameron, Margaret,
|d 1921-
|
| 245 |
1 |
0 |
|a Manual on feeding infants and young children /
|c Margaret Cameron and Yngve Hofvander ; sponsored by the UN/ACC Sub-Committee on Nutrition.
|
| 250 |
|
|
|a 3rd ed.
|
| 260 |
|
|
|a Oxford [Oxfordshire] :
|b Oxford University Press,
|c 1983.
|
| 300 |
|
|
|a xx, 214 p. :
|b ill. ;
|c 24 cm.
|
| 490 |
1 |
|
|a Oxford medical publications
|
| 504 |
|
|
|a Bibliography: p. 204-208.
|
| 504 |
|
|
|a Includes index.
|
| 541 |
1 |
|
|e 00001957
|
| 650 |
|
0 |
|a Infants
|x Nutrition.
|
| 650 |
|
0 |
|a Children
|x Nutrition.
|
| 650 |
|
0 |
|a Proteins in human nutrition.
|
| 700 |
1 |
|
|a Hofvander, Yngve.
|
| 710 |
2 |
|
|a United Nations.
|b Administrative Committee on Co-ordination.
|b Sub-Committee on Nutrition.
|
| 852 |
4 |
|
|a Ayesha Abed Library
|j General Shelf.
|
| 999 |
|
|
|c 1429
|d 1429
|
| 952 |
|
|
|0 0
|1 0
|2 ddc
|4 0
|6 649_300000000000000_CAM
|7 0
|9 1307
|a BRACUL
|b BRACUL
|c GEN
|d 2009-06-28
|g 392.00
|l 0
|o 649.3 CAM
|p 3010001957
|r 2009-06-28
|t 1
|w 2009-06-28
|y BK
|
| 952 |
|
|
|0 0
|1 0
|2 ddc
|4 0
|6 649_300000000000000_CAM
|7 0
|9 23228
|a BRACUL
|b BRACUL
|c GEN
|d 2013-08-25
|g 324.50
|l 0
|o 649.3 CAM
|p 3010003504
|r 2013-08-25
|t 2
|w 2013-08-25
|y BK
|